000
00324nam a2200133Ia 4500
008
151213s9999 xx 000 0 und d
245
_a
SAS / Or Users Guide Version - 6
250
_a
1st
260
_a
Cary - ne- USA
_b
SAS Institution
_c
1990
300
_a
3009 p.
650
_a
Computer
650
_a
Computer
999
_c
2096
_d
2096